Top Appearances of Every Premier League Team - 2025/26 - Statistics

General Stats
  • This quiz has been taken 7 times
  • The average score is 14 of 20
Answer Stats
Team Answer Appearances Country % Correct
Manchester City Bernardo Silva 38 Portugal
100%
Chelsea Enzo Fernández 36 Argentina
86%
Brentford Igor Thiago 38 Brazil
86%
West Ham United Jarrod Bowen 38 England
86%
Manchester United Luke Shaw 38 England
86%
Arsenal Martín Zubimendi 38 Spain
86%
Aston Villa Morgan Rogers / Ollie Watkins 37 England
86%
Everton Thierno Barry / James Garner / Jordan Pickford 38 France / England
86%
Liverpool Virgil van Dijk 38 Netherlands
86%
Brighton & Hove Albion Bart Verbruggen 38 Netherlands
71%
Fulham Bernd Leno 38 Germany
71%
Newcastle United Harvey Barnes 37 England
71%
Tottenham Hotspur Micky van de Ven 35 Netherlands
71%
Nottingham Forest Nikola Milenkovic / Elliot Anderson 38 Serbia / England
71%
AFC Bournemouth Adrien Truffert / Djordje Petrovic 38 France / Serbia
57%
Wolverhampton Wanderers André / Hugo Bueno / João Gomes 35 Brazil / Spain
57%
Leeds United Brenden Aaronson 37 United States
57%
Crystal Palace Tyrick Mitchell 38 England
57%
Sunderland Trai Hume 38 Northern Ireland
43%
Burnley Jaidon Anthony 37 England
29%
No matching quizzes found
Score Distribution
Percent of People with Each Score
Percentile by Number Answered
Your Score History
You have not taken this quiz